[Event "Quebec Intercollegial-ch"]
[Site "Montreal"]
[Date "2004.04.03"]
[Round "3"]
[White "Poirier, Erik"]
[Black "Vuccino, Wernher"]
[Result "1-0"]
[WhiteElo "2035"]
[BlackElo "1457"]
[PlyCount "81"]
[EventDate "2004.04.??"]
[EventType "swiss"]
[EventRounds "5"]
[EventCountry "CAN"]
[SourceTitle "EXT 2005"]
[Source "ChessBase"]
[SourceDate "2004.11.15"]
[SourceVersion "1"]
[SourceVersionDate "2004.11.15"]
[SourceQuality "1"]

1. d4 d5 2. c4 dxc4 3. Nf3 c5 4. d5 e6 5. e4 a6 6. a4 exd5 7. exd5 Nf6 8. Bxc4 Bd6 9. 0-0 0-0 10. Nc3 Bf5 11. Bd3 Bxd3 12. Qxd3 Re8 13. Bg5 Nbd7 14. Rfe1 Qc7 15. Ne4 Ne5 16. Nxe5 Nxe4 17. Rxe4 Rxe5 18. Rh4 g6 19. f4 c4 20. Qh3 Bc5+ 21. Kh1 Re3 22. Qg4 Rae8 23. h3 f5 24. Qd1 Re1+ 25. Qxe1 Rxe1+ 26. Rxe1 h5 27. Re6 Kh7 28. g4 Qd7 29. Re5 Bd6 30. Re2 Bc5 31. Re5 Bd6 32. Re2 Bc5 33. gxh5 Qxd5+ 34. Kh2 Qd1 35. hxg6+ Kxg6 36. Rg2 Kf7 37. Rh6 Qf3 38. Rf6+ Ke8 39. Rxf5 Bd6 40. Rf6 Be7 41. Re6 1-0